01605nam a2200217 a 4500008004100000020001800041041000800059092001700067100003400084245005100118250001100169260003500180300002100215500008600236505080100322590003301123655002101156942001301177999001501190952018201205190916s2015 ag ||||g |||| 000 1 spa d a9789504936671 aspa c808l26sFON1 aFontanarrosa, Roberto. 940893 aEl aréa 18.bNovela /cRoberto Fontanarrosa. a2a ed. aBuenos Aires:bPlaneta;c2015. a304 p.b21x13cm. aFontanarrosa, R. (2015). El área 18. Novela. (2a ed.). Buenos Aires : Planeta.  a"Era un hombre hecho, e incluso deshecho, en la fragua de la expresión corporal, un hombre que controlaba y conocía todos los recovecos de su organismo como a las almas de sus manos y a las palmas de sus manos como al mapa orográfico de Siria, su tierra natal". Secuela de Best Seller, El área 18 narra otra misión del aventurero internacional sirio. Congodia, un pequeño país africano, ha logrado su independencia y el desarrollo de su economía a través de su equipo nacional de fútbol. Al encontrarse en una situación geográfica estratégica, las apuestas se tornan cada vez más fuertes. Entonces, una corporación internacional decide armar un conjunto capaz de obtener una victoria. Best Seller, su capitán, es el único hombre que puede conducirlos al éxito. aDonación, septiembre 2019. aLiteratura92917 2ddccLIT c3037d3037 00102ddc4070aBFMbBFMcCRd2019-09-16eDonación septiembre, 2019.l0o808 26 FONp4571r2019-09-16tEj.1w2019-09-16yLITzProyecto 4to libro Donación . Septiembre 2019.